MARC

LEADER 00000nam0a2200000 4500
001 320284
005 20231102003250.0
035 |a (RuTPU)RU\TPU\book\345814 
090 |a 320284 
100 |a 20160701d1978 k y0rusy50 ca 
101 0 |a rus 
102 |a RU 
105 |a a z 001zy 
200 1 |a Демографические и экологические прогнозы. Критика современных буржуазных концепций  |f Э. А. Араб-Оглы 
210 |a Москва  |c Статистика  |d 1978 
215 |a 319 с.  |c ил. 
320 |a Библиогр. в примеч. 
606 1 |a Демографическое прогнозирование  |2 stltpush  |3 (RuTPU)RU\TPU\subj\9056  |9 36345 
606 1 |a Экологическое прогнозирование  |2 stltpush  |3 (RuTPU)RU\TPU\subj\26535  |9 50440 
610 1 |a прогнозы 
610 1 |a население 
610 1 |a численность 
610 1 |a глобальные проблемы 
610 1 |a глобальные модели 
610 1 |a оптимизм 
610 1 |a пессимизм 
610 1 |a природные ресурсы 
610 1 |a климат 
675 |a 504.06  |v 4 
686 |a С70  |v LBC/SL-A  |2 rubbk 
700 1 |a Араб-Оглы  |b Э. А.  |g Эдвард Артурович 
801 1 |a RU  |b 63413507  |c 20160701 
801 2 |a RU  |b 63413507  |c 20191219  |g RCR 
942 |c BK